Online
Catalog
Normal view MARC view

Entry Nombre personal

Number of records used in: 4

001 - NÚMERO DE CONTROL

  • campo de control: 86930

003 - IDENTIFICADOR DEL NÚMERO DE CONTROL

  • campo de control: DO-SdBNP

005 - FECHA Y HORA DE LA ÚLTIMA TRANSACCIÓN

  • campo de control: 20250130123310.0

008 - DATOS DE LONGITUD FIJA

  • campo de control de longitud fija: 250130|| aca||aabn | a|a d

040 ## - FUENTE DE LA CATALOGACIÓN

  • Centro catalogador/agencia de origen: DO-SdBNP
  • Lengua de catalogación: spa
  • Centro/agencia transcriptor: BNPHU
  • Normas de descripción: rda

100 1# - ENCABEZAMIENTO-NOMBRE DE PERSONA

  • Nombre de persona: Cruz Gil, Daniela,
  • Fechas asociadas al nombre: 1984-

370 ## - LUGAR ASOCIADO

  • Lugar de nacimiento: Santiago de los Caballeros (República Dominicana)

372 ## - CAMPO DE ACTIVIDAD

  • Campo de actividad: Periodismo

373 ## - GRUPO ASOCIADO

  • Grupo asociado: Periodista de Listín Diario

374 ## - OCUPACIÓN

  • Ocupación: Comunicadora social

400 1# - TRAZADO DE VÉASE--NOMBRE DE PERSONA

  • Nombre de persona: Gil, Daniela Cruz

670 ## - FUENTE DE DATOS ENCONTRADOS

  • Cita de la fuente: Work cat.: (DO-SdBNP)54703: Cruz Gil, Daniela,1984-, Gastrocuento. /

Powered by Koha